000
00318nam a22001337a 4500
008
150626b xxu||||| |||| 00| 0 alb d
020
_a
9992786779
041
0
_a
alb
080
_a
811.18 '36
100
_a
24
101
_a
al
245
_a
Gramatika e gjuhës shqipe për të gjithë :
_c
Bahri Beci.
942
_2
udc
_c
BK
999
_c
1075
_d
1075